| 000 | 00512nam a2200157Ia 4500 | ||
|---|---|---|---|
| 008 | 160319s9999 xx 000 0 und d | ||
| 245 | _aLea Salonga : | ||
| 245 | _bthe Broadway concert / | ||
| 245 | _cLea Salonga; Gerard Salonga; Katrice Gavino; San Miguel Philharmonic Orchestra.; BMG Records Pilipina. | ||
| 260 | _bSony BMG Music Entertainment. | ||
| 260 | _c2002 | ||
| 300 | _a1 videodisc (ca. 50 min.) : | ||
| 300 | _bsound, colored ; | ||
| 300 | _c4 3/4 in. | ||
| 650 | _aMusicals -- Excerpts. | ||
| 999 |
_c292803 _d292803 |
||